Giáo trình hóa học môi trường Dùng cho sinh viên Khoa Hóa học, Công nghệ hóa học, Môi trường các trường đại học, cao đẳng; dùng cho giáo viên hóa học phổ thông; dùng cho học sinh các trường trung học chuyên nghiệp ngành Hóa và dạy nghề
Đại cương về môi trường và giáo dục môi trường; môi trường khí quyển; môi trường thủy quyển; môi trường thạch quyển; độc hóa học; công nghệ môi trường.; TM tài liệu tham khảo tr. 355 - 358
Gespeichert in:
| 1. Verfasser: | |
|---|---|
| Weitere Verfasser: | |
| Format: | Buch |
| Sprache: | Undetermined |
| Veröffentlicht: |
H.
Khoa học và Xã hội
2006
|
| Schlagworte: | |
| Online Zugang: | http://lrc.tdmu.edu.vn/opac/search/detail.asp?aID=2&ID=29526 |
| Tags: |
Tag hinzufügen
Keine Tags, Fügen Sie den ersten Tag hinzu!
|
| Thư viện lưu trữ: | Trung tâm Học liệu Trường Đại học Thủ Dầu Một |
|---|
| LEADER | 01314nam a2200229Ia 4500 | ||
|---|---|---|---|
| 001 | TDMU_29526 | ||
| 008 | 210410s9999 xx 000 0 und d | ||
| 082 | |a 332.09597 | ||
| 090 | |b Đ116 | ||
| 100 | |a Đặng, Đình Bạch | ||
| 245 | 0 | |a Giáo trình hóa học môi trường | |
| 245 | 0 | |b Dùng cho sinh viên Khoa Hóa học, Công nghệ hóa học, Môi trường các trường đại học, cao đẳng; dùng cho giáo viên hóa học phổ thông; dùng cho học sinh các trường trung học chuyên nghiệp ngành Hóa và dạy nghề | |
| 245 | 0 | |c Đặng Đình Bạch (ch.b); Nguyễn Văn Hải | |
| 260 | |a H. | ||
| 260 | |b Khoa học và Xã hội | ||
| 260 | |c 2006 | ||
| 300 | |a 358tr | ||
| 520 | |a Đại cương về môi trường và giáo dục môi trường; môi trường khí quyển; môi trường thủy quyển; môi trường thạch quyển; độc hóa học; công nghệ môi trường.; TM tài liệu tham khảo tr. 355 - 358 | ||
| 650 | |a Hóa học |x Môi trường | ||
| 700 | |a Nguyễn, Văn Hải | ||
| 856 | |u http://lrc.tdmu.edu.vn/opac/search/detail.asp?aID=2&ID=29526 | ||
| 980 | |a Trung tâm Học liệu Trường Đại học Thủ Dầu Một | ||